000 00187 a2200097 4500
020 _a9780153132995
041 _aspa
100 _aAlma Flor Ada
245 _aRitmos y Fiestas
942 _cBK
999 _c16091
_d16091